| 000 | 00713nam a2200229Ia 4500 | ||
|---|---|---|---|
| 003 | GCL | ||
| 005 | 20240530104402.0 | ||
| 008 | 140319s9999 xx 000 0 ara d | ||
| 040 |
_aGCL / _cGCL |
||
| 082 | 0 | 4 |
_a811.5 _bم ا |
| 100 | 0 | _aمحمد عبدالغنى حسن | |
| 245 | 1 | 0 |
_aابن الرومى / _cمحمد عبدالغنى حسن |
| 260 | _bدار المعارف بمصر | ||
| 300 | _a112 ص | ||
| 490 | 0 |
_aنوابغ الفكر العربى ؛ _v11 |
|
| 650 | 0 | 4 | _aالادب العربى |
| 650 | 0 | 4 | _aالشعراء العرب |
| 650 | 0 | 4 | _aابن الرومى |
| 650 | 0 | 4 | _aالشعر العربى - تاريخ ونقد |
| 650 | 0 | 4 | _aالشعراء العباسيين |
| 942 |
_2ddc _cBK |
||
| 999 |
_c47112 _d47112 |
||